000 003280000a22001330004500
082 0 4 _aGI CC Z67h
100 1 _aZion, Gene
245 1 0 _aHarry and the Lady next door / Gene Zion, il. : Margaret Bloy Graham
260 _aNew York : Harper & Row
300 _a62 p.
650 1 4 _aLiteratura Infantil
001 687
942 _cLGB
999 _c47891
_d47891